Financial Management In Agriculture
Financial Management in Agriculture, Seventh Edition, introduces students to modern concepts and tools of finance, developed and applied to the agricultural sector. Using case studies, practical problems, and a lucid presentation, the text focuses on planning, analyzing, and controlling business per...
Αποθηκεύτηκε σε:
| Κύριος συγγραφέας: | |
|---|---|
| Μορφή: | Βιβλίο |
| Γλώσσα: | Undetermined |
| Έκδοση: |
Boston
Prentice Hall
2012
|
| Θέματα: | |
| Ετικέτες: |
Προσθήκη ετικέτας
Δεν υπάρχουν, Καταχωρήστε ετικέτα πρώτοι!
|
| Thư viện lưu trữ: | Trung tâm Học liệu Trường Đại học Cần Thơ |
|---|
| LEADER | 00966nam a2200217Ia 4500 | ||
|---|---|---|---|
| 001 | CTU_207553 | ||
| 008 | 210402s9999 xx 000 0 und d | ||
| 020 | |c 3192000 | ||
| 082 | |a 630.681 | ||
| 082 | |b B279 | ||
| 100 | |a Barry, Peter J. | ||
| 245 | 0 | |a Financial Management In Agriculture | |
| 245 | 0 | |c Peter J. Barry, Paul N. Ellinger. | |
| 260 | |a Boston | ||
| 260 | |b Prentice Hall | ||
| 260 | |c 2012 | ||
| 520 | |a Financial Management in Agriculture, Seventh Edition, introduces students to modern concepts and tools of finance, developed and applied to the agricultural sector. Using case studies, practical problems, and a lucid presentation, the text focuses on planning, analyzing, and controlling business performance in agriculture and related financial markets | ||
| 650 | |a Nông nghiệp,Agriculture | ||
| 650 | |x Tài chính,Quản lý,Finance,Management. | ||
| 904 | |i Tuyến | ||
| 980 | |a Trung tâm Học liệu Trường Đại học Cần Thơ | ||